000 00372cam a2200157ua 4500
041 _ahin
_h
082 _a891.54
_bGAN/GR
100 _aGandhiji, .
245 _aGramodyog /
_cGandhiji.
_hTextual Documents
250 _a1 /
_b.
260 _aAhmadabad :
_bNavajivan publishing house ,
_c1960.
300 _a43 ; .
504 _a
942 _cBK
999 _c8032
_d8032